000 00681cam a22002411 4500
001 sa 64009096
003 DLC
005 20260227112059.0
008 891214m19581963ii c 000 0 hino
010 _asa 64009096
025 _aI-H-935
035 _a(OCoLC)20783327
040 _aDLC
_cWaU
_dNSyU
_dDLC
042 _apremarc
050 0 0 _aPK2184
_b.G6
100 1 _aGoyalīya, Ayodhyāprasāda,
_d1908-1975.
245 1 0 _aŚāirīke naye moṛa,
_c[sampādaka Ayodhyāprasāda Goyaliya]
250 _a[1. saṃskaraṇa]
260 _aKāśī,
_bBhāratīya Jñanapīṭha,
_c[1958-63]
300 _a5 v.
_bports.
_c19 cm.
500 _aIn Hindi.
650 0 _aUrdu poetry.
999 _c61258
_d61258